Sharḥ Ibn ʻAqīl alá Alfiyat ibn Mālik /
Main Author:
Other Authors: ,
Format: Book
Language: Arabic
Published:
[al-Qāhirah] :
Maṭbaʻat al-Saʻādah,
1947-1948.
Edition: al-Ṭabʻah 5.
Subjects:
Tags: Add Tag
Call Number: PJ6101 .I23 I2 1947 v.1-2
| LEADER | 01883nam a2200289Ia 4500 | ||
|---|---|---|---|
| 003 | OSt | ||
| 005 | 20230918131633.0 | ||
| 008 | 130303m19471948ua 000 0 ara d | ||
| 952 | |0 0 |1 0 |2 lcc |3 V.1 |4 0 |6 PJ6101 I23 I2 01947 V.00001-00002 |7 1 |9 50175 |a ARCE |b ARCE |d 2023-09-19 |l 0 |o PJ6101 .I23 I2 1947 v.1-2 |p 1017329 |r 2023-09-19 00:00:00 |w 2023-09-19 |y BK | ||
| 952 | |0 0 |1 0 |2 lcc |3 V.2 |4 0 |6 PJ6101 I23 I2 01947 V.00001-00002 |7 1 |9 63267 |a ARCE |b ARCE |d 2024-02-28 |l 0 |o PJ6101 .I23 I2 1947 v.1-2 |p 1017330 |r 2024-02-28 00:00:00 |w 2024-02-28 |y BK | ||
| 999 | |c 27569 |d 27569 | ||
| 040 | |c ARCE Library | ||
| 050 | 4 | |a PJ6101 .I23 I2 1947 v.1-2 | |
| 100 | 1 | |6 880-01 |a Ibn ʿAqīl, ʿAbd Allāh ibn ʿAbd al-Raḥmān, |d 1294-1367, |e author | |
| 245 | 1 | 0 | |6 880-02 |a Sharḥ Ibn ʻAqīl alá Alfiyat ibn Mālik / |c Bahāʾ al-Dīn ʻAbd Allāh ibn ʻAqīl al-ʻAqīlī al-Miṣrī al-Hamadānī. Wa-maʻahu Kitāb minḥat al-jalīl bi-taḥqīq Sharḥ Ibn ʻAqīl / Muḥammad Muḥyī al-Dīn ʻAbd al-Ḥamīd. |
| 250 | |a al-Ṭabʻah 5. | ||
| 264 | 1 | |a [al-Qāhirah] : |b Maṭbaʻat al-Saʻādah, |c 1947-1948. | |
| 300 | |a 2 volumes ; |c 25 cm. | ||
| 650 | 0 | |a Arabic language |x Grammar. | |
| 700 | 1 | 2 | |a ʿAbd al-Ḥamīd, Muḥammad Muḥyī al-Dīn. |t Minḥat al-Jalīl bi-taḥqīq Sharḥ Ibn ʻAqīl. |
| 700 | 1 | 2 | |a Ibn Mālik, Muḥammad ibn ʻAbd Allāh, |d -1274. |t Alfīyah. |
| 740 | 0 | 2 | |a Alfīyah. |
| 740 | 0 | 2 | |a Minḥat al-Jalīl bi-taḥqīq Sharḥ Ibn ʻAqīl. |
| 880 | 1 | |6 100-01/(3/r |a ابن عقيل، عبدالله بن عبدالرحمن |d 1294-1367. | |
| 880 | 1 | 0 | |6 245-02/(3/r |a شرح ابن عقيل على ألفية ابن مالك |c لبهاء الدين عبد الله بن عقيل العقيلي الهمداني المصري. معه كتاب منحة الجليل بتحقيق شرح ابن عقيل / محمد محيي الدين عبد الحميد. |
| 901 | |a reviewed | ||
| 942 | |c BK |2 lcc | ||
